Historia de Chile A-Z - Estadísticas

Estadísticas generales
  • Esta prueba ha sido intentada 19 veces
  • La puntuación promedio es 17 de 27
Estadísticas de respuestas
Letra Pista Respuesta % Correcto
P Célebre familia de artistas de la que forman parte: Violeta, Hilda, Roberto, Nicanor, Colombina, Javiera, Ángel, etc. Familia {Parra}
100%
O "Padre de la Patria" que ocupó el cargo de director supremo entre 1817 y 1823 Bernardo {O'Higgins}
94%
M Primera presidenta mujer en la historia de Chile Michelle Bachelet
94%
U Segundo apellido del dictador Augusto Pinochet Ugarte
94%
I Imperio que dominó lo que hoy es el norte y parte de la zona central de Chile Imperio {Inca}
89%
W Ciudad más austral del mundo desde el 29 de marzo de 2019 Puerto {Williams}
89%
V Ciudad más afectada por el megaterremoto de 1960 el cual llegó a 9.5 en escala de Richter Valdivia
89%
Ñ Comuna en la cual se encuentra el "Estadio Nacional" usado durante la dictadura como centro de tortura Ñuñoa
83%
T Primera chilena en ser nombrada santa por la iglesia católica Teresa de Los Andes
83%
F Ciudad fundada por colonos alemanes a la orilla del lago Llanquihue Frutillar
78%
B Apellido de la escritora de novelas como "La última niebla" y "La amortajada" María Luisa {Bombal}
78%
S Escuela en la que hubo una matanza que acabó con la vida de entre 2200 y 3600 trabajadores del salitre Santa María de Iquique
78%
D Primer conquistador español en llegar a lo que hoy es Chile Diego de Almagro
72%
E Corbeta al mando de Arturo Prat durante la Guerra del Pacífico Esmeralda
72%
Q Apodo de la terrateniente "Catalina de los Ríos y Lisperguer" que según la leyenda tenía pactos con el diablo Quintrala
72%
G Guerrero mapuche que luego de que le amputaran sus manos luchó con cuchillos amarrados a sus muñones Galvarino
67%
A Primer periódico de la historia de Chile Aurora de Chile
61%
C Primera ciudad chilena a la que llegó el ferrocarril Copiapó
50%
J Independentista reconocida por bordar la primera bandera chilena Javiera Carrera
50%
Z Apellido de quien fue presidente de Chile durante 1871-1876 Federico Errázuriz {Zañartu}
39%
H Forma de organización económica característica del campo del siglo XVIII hasta principios del siglo XX Hacienda
39%
R Brigada muralista fundada en 1968 que lleva el nombre de una activista comunista asesinada Ramona Parra
39%
L Batalla que dio inicio a la llamada "República Conservadora" Batalla de {Lircay}
33%
K Pueblo originario de los fiordos e islas de la zona austral del país Kawésqar
33%
N Nombre inicial que recibió Chile durante la conquista y colonia española Nueva Extremadura
28%
X Técnica de grabado utilizada, por ejemplo, en la Lira Popular durante los siglos XIX y XX Xilografía
11%
Y Deidad protectora de la naturaleza según los diaguitas, representado usualmente como un guanaco de gran tamaño Yastay
11%
No se encontraron pruebas coincidentes
Distribución de puntuación
Porcentaje de gente con cada puntuación
Porcentaje por número respondido
Historial de tus puntuaciones
No has intentado esta prueba.